000 01636cam a22003858i 4500
001 22668895
003 OSt
005 20231027121407.0
008 220627s2022 mdu b 001 0 eng
010 _a 2022029052
020 _a9781538153697
040 _aDLC
_beng
_erda
_cDLC
042 _apcc
043 _an-us---
050 0 0 _aZ675.U5
_bA33 2022
245 0 0 _aAcademic libraries and collaborative research services /
_cEdited by Carrie Forbes.
264 1 _aLanham :
_bRowman & Littlefield,
_c2022
300 _axiii, 298p.
336 _atext
_btxt
_2rdacontent
337 _aunmediated
_bn
_2rdamedia
338 _avolume
_bnc
_2rdacarrier
520 _a"Here's what you need to know to establish your library's place in the new collaborative research arena by adapting existing library services and practices as well as adding new support services"--
_cProvided by publisher.
650 0 _aAcademic libraries
_xRelations with faculty and curriculum.
650 0 _aAcademic libraries
_xReference services.
650 0 _aLiaison librarians
_xProfessional relationships.
650 0 _aResearch
_xData processing
_xManagement.
650 0 _aData curation in libraries.
650 0 _aAcademic libraries
_zUnited States
_vCase studies.
655 7 _aCase studies.
_2lcgft
700 1 _aForbes, Carrie,
_d1975-
_eeditor.
776 0 8 _iOnline version:
_tAcademic libraries and collaborative research services
_dLanham : Rowman & Littlefield, [2022]
_z9781538153703
_w(DLC) 2022029053
906 _a7
_bcbc
_corignew
_d1
_eecip
_f20
_gy-gencatlg
942 _2lcc
_cBK
999 _c20366
_d20365